XI Roku 2015 wg. Tygodnika "Piłka Nożna" (spoza Europy) - Statystyki

Ogólne statystyki
  • Ten quiz został rozwiązany 165 razy
  • Średni wynik to 10 z 11
Statystyki odpowiedzi
Pozycja Kraj Klub Zawodnik % Poprawnych
LS Brazylia Barcelona Neymar
98%
ŚN/PS Argentyna Barcelona Lionel Messi
97%
ŚN Urugwaj Barcelona Luis Suarez
97%
LO Brazylia Real Madryt Marcelo
96%
ŚP Chile Juventus / Bayern Arturo Vidal
92%
BR Chile Barcelona Claudio Bravo
92%
ŚO Urugwaj Atletico Diego Godin
92%
ŚP WKS Manchester City Yaya Toure
89%
ŚO Brazylia PSG Thiago Silva
88%
PS Brazylia Chelsea Willian
61%
PO WKS PSG Serge Aurier
49%
Nie znaleziono quizów pasujących do podanych kryteriów
Rozkład punktacji
Procent ludzi z każdym wynikiem
Percentyl według liczby udzielonych odpowiedzi
Twoja historia wyników
Nie rozwiązałeś tego quizu